The social context of innovation : Bureaucrats, families, and heroes in the early industrial revolution, as foreseen in Bacon's New Atlantis

Na minha lista:
Detalhes bibliográficos
Autor principal: Wallace, Anthony F. C.
Formato: Livro
Idioma:Undetermined
Publicado em: Princeton Princeton University Press 1982
Assuntos:
Tags: Adicionar Tag
Sem tags, seja o primeiro a adicionar uma tag!
Thư viện lưu trữ: Trung tâm Học liệu Trường Đại học Cần Thơ
LEADER 00629nam a2200193Ia 4500
001 CTU_85275
008 210402s9999 xx 000 0 und d
082 |a 338.4 
082 |b W189 
100 |a Wallace, Anthony F. C. 
245 4 |a The social context of innovation : 
245 0 |b Bureaucrats, families, and heroes in the early industrial revolution, as foreseen in Bacon's New Atlantis 
245 0 |c Anthony F. C. Wallace 
260 |a Princeton 
260 |b Princeton University Press 
260 |c 1982 
650 |a Iron industry and trade 
904 |i Năm 
980 |a Trung tâm Học liệu Trường Đại học Cần Thơ